| 000 | 01349cam a2200361 i 4500 | ||
|---|---|---|---|
| 999 |
_c200429218 _d47142 |
||
| 001 | 200429218 | ||
| 003 | TR-AnTOB | ||
| 005 | 20241121111008.0 | ||
| 007 | ta | ||
| 008 | 060103s2005 tu b i 001 0 tur | ||
| 020 | _a9754093237 | ||
| 040 |
_aBGZ _beng _erda _cBGZ _dBGZ _dTR-AnTOB |
||
| 041 | _atur | ||
| 050 | 0 | _aDR589 | |
| 090 |
_aDR589 _b.B5 2005 |
||
| 100 | 1 |
_aÇakmak, Fevzi, _d1876-1950 _9136500 |
|
| 245 | 1 | 0 |
_aBirinci dünya savaşı'nda Doğu cephesi : _b1935 yılında Harp Akademisinde verilen konferanslar / _cMareşal Fevzi Çakmak ; yayına hazırlayanlar Ahmet Tetik [and three others]. |
| 246 | 3 | 0 | _a1935 yılında Harp Akademisinde verilen konferanslar. |
| 264 | 1 |
_aAnkara : _bGenelkurmay Başkanlığı, _c2005. |
|
| 300 |
_axx, 359, 98 pages: _bmaps ; _c24 cm. |
||
| 336 |
_atext _2rdacontent _btxt |
||
| 337 |
_aunmediated _2rdamedia _bn |
||
| 338 |
_avolume _2rdacarrirer _bnc |
||
| 490 | 0 |
_aGenelkurmay Basımevi ; _v2005 / 102 |
|
| 504 | _aIncludes bibliographical references. | ||
| 650 | 0 |
_939079 _aWorld War, 1914-1918 _xCampaigns _zTurkey |
|
| 650 | 0 |
_aDünya Savaşı, 1914-1918 _xSeferler _zTürkiye _969931 |
|
| 650 | 0 |
_aWorld War, 1914-1918 _924370 |
|
| 650 | 0 |
_aDünya Savaşı, 1914-1918 _96428 |
|
| 700 | 1 |
_aTetik, Ahmet, _d1958- _9105576 |
|
| 942 |
_2lcc _cBK |
||